The origins of modern science : 1300-1800
This book intduce the historical importance of a theory of impetus, the conservatism of copernicus, the study of the heart down to William Harvey...
Gorde:
| Egile nagusia: | |
|---|---|
| Formatua: | Liburua |
| Hizkuntza: | Undetermined |
| Argitaratua: |
London
Bell & Hyman
1957
|
| Gaiak: | |
| Etiketak: |
Etiketa erantsi
Etiketarik gabe, Izan zaitez lehena erregistro honi etiketa jartzen!
|
| Thư viện lưu trữ: | Trung tâm Học liệu Trường Đại học Cần Thơ |
|---|
| LEADER | 00742nam a2200217Ia 4500 | ||
|---|---|---|---|
| 001 | CTU_218334 | ||
| 008 | 210402s9999 xx 000 0 und d | ||
| 082 | |a 509 | ||
| 082 | |b B988 | ||
| 100 | |a Butterfield, H. | ||
| 245 | 4 | |a The origins of modern science : | |
| 245 | 0 | |b 1300-1800 | |
| 245 | 0 | |c H. Butterfield | |
| 260 | |a London | ||
| 260 | |b Bell & Hyman | ||
| 260 | |c 1957 | ||
| 520 | |a This book intduce the historical importance of a theory of impetus, the conservatism of copernicus, the study of the heart down to William Harvey... | ||
| 650 | |a Science,Science,Khoa học,Khoa học | ||
| 650 | |x History,Philosophy,Lịch sử,Triết học | ||
| 904 | |i Qhieu | ||
| 980 | |a Trung tâm Học liệu Trường Đại học Cần Thơ | ||